| 000 | 00398nam a22001457a 4500 | ||
|---|---|---|---|
| 999 |
_c7840 _d7840 |
||
| 003 | OSt | ||
| 005 | 20200526131035.0 | ||
| 008 | 200526b ||||| |||| 00| 0 eng d | ||
| 020 | _a9788131522363 | ||
| 082 | _a658.404TAY | ||
| 100 | _a Taylor, James | ||
| 245 |
_aProject scheduling and cost control _bplanning, monitoring and controlling the baseline |
||
| 260 | _bJ. Ross Publishing | ||
| 942 | _2ddc | ||